| 000 | 00544nam a2200181Ia 4500 | ||
|---|---|---|---|
| 003 | OSt | ||
| 005 | 20201104125540.0 | ||
| 008 | 190216s9999||||xx |||||||||||||| ||und|| | ||
| 020 | _a9780099460954 | ||
| 040 | _coclc | ||
| 082 |
_a799.29676 _bHEM/G |
||
| 100 |
_aHemingway, Ernest _95210 |
||
| 245 | 0 |
_aGreen Hills Of Africa / _cEarnest Hemingway |
|
| 260 |
_bVintage Random House, _c1973. _aLondon: |
||
| 300 | _a200p | ||
| 650 | _aEnglish Novel-English Novel | ||
| 942 |
_cBK _2ddc _h799.29676 _iHEM/G _k799.29676 _mHEM/G |
||
| 999 |
_c14259 _d14259 |
||